header

Stakeholders in perspective (Record no. 163949)

MARC details
000 -LEADER
fixed length control field 01151nam a2200301Ia 4500
245 00 - TITLE STATEMENT
Title Stakeholders in perspective
260 ## - PUBLICATION, DISTRIBUTION, ETC. (IMPRINT)
Place of publication Bradford, England :
Name of publisher Emerald Group Publishing,
Year of publication c2004.
300 ## - PHYSICAL DESCRIPTION
Number of Pages 185 p.
490 1# - SERIES STATEMENT
Series statement Corporate Governance. No. 2 ;
650 #0 - SUBJECT ADDED ENTRY--TOPICAL TERM
Topical Term Corporate governance.
Topical Term Industrial management.
700 1# - ADDED ENTRY--PERSONAL NAME
Personal name Paul, Johnson.
Personal name Tedd, Lucy A.
856 40 - ELECTRONIC LOCATION AND ACCESS
Uniform Resource Identifier http://site.ebrary.com/lib/rucke/Doc?id=10067123

No items available.

© 2026 Rongo University
Contact us: librarian | system librarian | Rongo university